| 000 | 00921nam a22002657a 4500 | ||
|---|---|---|---|
| 003 | OSt | ||
| 005 | 20260410163040.0 | ||
| 008 | 260410b |||||||| |||| 00| 0 eng d | ||
| 020 | _a978-3-031-47043-1 | ||
| 037 | _cReference | ||
| 040 |
_aFEDL _beng` _cFEDL |
||
| 041 |
_aeng _heng |
||
| 082 | _a370.115 LAC/RR | ||
| 100 |
_aLackovic, Natasa, Ed....[et.al] _91234697 |
||
| 245 |
_aRethinking education and emancipation: _bDiverse perspectives on contemporary challenges/ _cby Natasa Lackovic, Ed....[et.al] |
||
| 260 |
_aSingapore _bPalgrave Macmillan _c2024 |
||
| 300 | _aix, 239p. | ||
| 365 |
_aEuro _b139.99 |
||
| 650 |
_aEDUCATION- SOCIAL RESPONSIBILITY _91234698 |
||
| 700 |
_aCvejic, Igor, Ed. _91234699 |
||
| 700 |
_aKrstic,, Predrag, Ed. _91234700 |
||
| 700 |
_aNikolic, Olga, Ed. _91234701 |
||
| 942 |
_2ddc _cREF _h370.115 LAC/RR _n0 |
||
| 999 |
_c1848241 _d1848241 |
||